| 000 | 00445nam a2200193Ia 4500 | ||
|---|---|---|---|
| 003 | OSt | ||
| 005 | 20251115105012.0 | ||
| 008 | 250729s2006 xx 000 0 und d | ||
| 040 | _cAL | ||
| 041 | _aeng | ||
| 082 | _a574.2 RAJF | ||
| 100 |
_aRajendra K _9224395 |
||
| 245 | _aI PUC text book biology | ||
| 260 |
_aMangalore _c2006 |
||
| 300 | _a223p | ||
| 650 |
_aBiology _9224396 |
||
| 700 |
_aPrecilla Anita _9224397 |
||
| 942 |
_2ddc _cBED |
||
| 999 |
_c236387 _d236387 |
||